Biblioteca

Trinity, incarnation, and atonement (Registro nro. 45782)

Detalles MARC
000 -LÍDER
Campo fijo de descripción fija 01507aam a2200325 4500
001 - NÚMERO DE CONTROL
Campo de control 19417
003 - IDENTIFICADOR DEL NÚMERO DE CONTROL
Campo de control CO-MdFUSB
005 - FECHA Y HORA DE LA ULTIMA TRANSACCIÓN
control field 20190202100509.0
008 - ELEMENTOS DE LONGITUD FIJA -- INFORMACIÓN GENERAL
Campo fijo de descripción fija -- Información general 170306t1989 xxu||||f |||| 00| 0 eng d
020 ## - NÚMERO INTERNACIONAL NORMALIZADO PARA LIBROS
Número Internacional Normalizado del libro 0-268-01870-7
040 ## - FUENTE DE CATALOGACIÓN
Agencia de catalogación original CO-MdFUSB
Idioma de catalogación spa
Agencia que realiza la transcripción CO-MdFUSB
Agencia que realiza la modificación CO-MdFUSBC
Convenciones de la descripción rda
041 ## - CÓDIGO DE IDIOMA
Código de idioma para texto/pista de sonido o título separado eng
082 ## - NÚMERO DE CLASIFICACIÓN DECIMAL DEWEY
Número de la edición del Dewey 24
Número de clasificación 230
Clave de autor-Numero de item T833t
100 1# - ASIENTO PRINCIPAL--NOMBRE PERSONAL
Nombre personal Feenstra, Ronald J., (Editor)q
245 10 - TÍTULO
Título del Material Trinity, incarnation, and atonement
Parte restante del título - Subtitulo : Philosophical and theological essays
Mención de responsabilidad, etc. / Editado por Ronald J. Feenstra y Cornelius Plantinga, Jr.
264 #1 - PRODUCCIÓN, PUBLICACIÓN, DISTRIBUCIÓN, MANUFACTURA, Y COPYRIGHT
Lugar de producción, publicación, distribución, manufactura Notre Dame, Indiana :
Nombre del productor, publicador, distribuidor University of Notre Dame Press,
Fecha de producción, publicación, distribución, manufactura, o copyright ℗[1989]
264 #4 - PRODUCCIÓN, PUBLICACIÓN, DISTRIBUCIÓN, MANUFACTURA, Y COPYRIGHT
Fecha de producción, publicación, distribución, manufactura, o copyright ©1989
300 ## - DESCRIPCIÓN FÍSICA
Extensión xii, 236 páginas
Dimensiones ; 24 cm.
336 ## - TIPO DE CONTENIDO
Fuente rdacontent
Término de tipo de contenido
Código de tipo de contenido
337 ## - TIPO DE MEDIO
Fuente rdamedia
Nombre del tipo de medio
Código del tipo de medio
338 ## - TIPO DE SOPORTE
Fuente rdacarrier
Nombre del tipo de soporte
Código Tipo de soporte
490 ## - MENCIÓN DE SERIE
Mención de serie Library of Religious Philosophy
504 ## - NOTA DE BIBLIOGRAFÍA, ETC.
Nota de bibliografía, etc Incluye índice (páginas 231-236)
505 00 - NOTA DE CONTENIDO
Nota de contenido con formato preestablecido Trinidad social y triteismo, Cornelius Plantinga, Jr. - Personalidad trinitaria y la individualidad, David Brown - Trinidad y trascendencia, Norman Kretzmann - La metafísica de Dios encarnado, Thomas V. Morris - Reconsiderando la cristología kenótica, Ronald J. Feenstra - Aquino, sobre la expiación, Philip L. Quinn - Expiación y justificación, Eleonore Stump - El sacrificio y los sacrificios: ¿Desde la metáfora a lo trascendental?, Colin Gunton
563 ## - NOTA DE ENCUADERNACIÓN
Nota de encuadernación Pasta dura
650 #7 - ASIENTO SECUNDARIO DE MATERIA - TERMINO TEMÁTICO
Término temático o nombre geográfico como elemento de entrada Filosofía y religión
Fuente del encabezamiento o término
9 (RLIN) 198
650 #7 - ASIENTO SECUNDARIO DE MATERIA - TERMINO TEMÁTICO
Término temático o nombre geográfico como elemento de entrada Teología doctrinal
Fuente del encabezamiento o término
9 (RLIN) 179
942 ## - TIPO DE MATERIAL (KOHA)
Tipo de Item KOHA Libros General
Existencias
Estado de Material Estado de Perdido Forma de Clasificación Volumen-Parte/Tomo Estado de Dañado No para Préstamo Colección Tomo Biblioteca de Origen Biblioteca Permanente Fecha de Adquisición Total de Préstamos Signatura Topográfica Código de Barras Última vez visto Ejemplar/Existencia Fecha de Remplazo Tipo de Material
    Dewey Decimal Classification Vol. 1     Colección General   Biblioteca FUSBC Biblioteca FUSBC 13/04/2015   G 230 T833t 19466 08/07/2022 Ej. 1 26/01/2016 Libros General

Biblioteca FUSBC | Teléfono: (57+4) 349 88 10 Ext. 141| WhatsApp (+57) 3005338115 
E-mail: biblioteca@unisbc.edu.co | Calle 76 87-14 Robledo Palenque, Medellín, Colombia

Con tecnología Koha